Správa o plnení programového vyhlásenia vlády za rezort zdravotníctva (k 30. júnu 2000)

Bibliographic Details
Corporate Author: Slovensko. Ministerstvo zdravotníctva (Author)
Format: Article
Language:Slovak
Subjects:

MARC

LEADER 00000nab a2200000 a 4500
001 vtls000739092
003 SK-MaSNL
005 20260304181726.0
008 140303c2000 xo 0 slo
015 |a SNBRB2000/12-34959 
035 |a CLN000090952 
040 |a SNKBUCL  |b slo  |c SNKBUCL  |e AACR2 
041 0 |a slo 
044 |a xo  |c SK 
080 |a 338.46(437.6):614.2:328.1(437.6)  |2 1997 
080 |a 614.2(437.6)  |2 1997 
080 |a 328.1(437.6):614.2  |2 1997 
110 0 |a Slovensko.  |b Ministerstvo zdravotníctva  |4 aut  |9 120432 
245 0 0 |a Správa o plnení programového vyhlásenia vlády za rezort zdravotníctva (k 30. júnu 2000)  |c Ministerstvo zdravotníctva SR 
610 7 |a Slovensko  |b Vláda  |x zdravotníctvo  |y k 30.6.2000  |2 snkbucl  |9 1512106 
650 0 7 |a zdravotníctvo  |z Slovensko  |x Vláda SR  |x vyhlásenie programové  |x plnenie  |y k 30.6.2000  |2 snkbucl  |9 1512107 
655 7 |a články z novín a časopisov  |2 snkbucl  |9 267496 
773 0 |t Zdravotnícke noviny  |g Roč. 5, č. 36 (2000), s. 5-6  |x 1335-4477 
850 |a Slovenská národná knižnica v Martine 
852 |a SNK  |b KIS3GCP 
958 |a MI 
958 |a SK 
992 |a RBX 
999 |c 3025607  |d 3027537